000
00223nam a22001097a 4500
082
_a
621.31244CAR
100
_a
Caratti
245
_a
Photovoltaic power generation
260
_a
London
_c
1988
300
_a
IRP
942
_c
BK
999
_c
14708
_d
14708